Les transferts de Premier League 22/23 - Statistiques

Statistiques générales
  • Ce quiz a été pris 234 fois
  • Le résultat moyen est 36 sur 141
Statistiques - réponses
Club de départ Club d'arrivée Nationalité Montant Joueur % Correct
Manchester City Arsenal Brésil 52.20 M Jesus
98%
Manchester City Arsenal Ukraine 35 M Zinchenko
94%
Marseille Aston Villa France Gratuit Kamara
61%
Barcelone Aston Villa Brésil 20 M Coutinho
60%
Brighton Chelsea Espagne 65.30 M Cucurella
57%
Leicester Chelsea France 80.40 M Fofana
57%
Borussia Dortmund Manchester City Norvège 60 M Haaland
57%
Manchester City Chelsea Angleterre 56.20 M Sterling
57%
Naples Chelsea Sénégal 38 M Koulibaly
56%
Porto Arsenal Portugal 35 M Vieira
56%
Barcelone Chelsea Gabon 12 M Aubameyang
55%
SL Benfica Liverpool Uruguay 75 M Nunez
53%
Ajax Manchester United Brésil 95 M Antony
52%
Real Sociedad Newcastle Suède 70 M Isak
52%
Real Madrid Manchester United Brésil 70.65 M Casemiro
51%
Paris SG Everton Sénégal 4 M Gueye
51%
Ajax Manchester United Argentine 57.37 M Martinez
51%
FC Séville Aston Villa Brésil 31 M Carlos
50%
Lyon West Ham Brésil 42.95 M Paqueta
48%
Sao Paulo Arsenal Brésil 3.5 M Marquinhos
47%
Borussia Dortmund Manchester City Suisse 17.50 M Akanji
46%
Leeds Manchester City Angleterre 49 M Phillips
46%
Juventus Chelsea Suisse Prêt Zakaria
46%
Brentford Manchester United Danemark Gratuit Eriksen
45%
Everton Tottenham Brésil 58 M Richarlison
44%
Lille Newcastle Pays-Bas 37 M Botman
43%
Juventus Liverpool Brésil Prêt Arthur
42%
New England Revolution Arsenal États-Unis 6.36 M Turner
42%
Wolverhampton Aston Villa Belgique 15 M Dendoncker
41%
Paris SG West Ham Allemagne 12 M Kehrer
41%
Lille Everton Belgique 35 M Onana
41%
Inter Milan Tottenham Croatie Gratuit Perisic
41%
Barcelone Tottenham France Prêt Lenglet
40%
Feyenoord Manchester United Pays-Bas 15 M Malacia
39%
Rennes West Ham Maroc 35 M Aguerd
38%
Atalanta Tottenham Argentine 50 M Romero
37%
Brighton Tottenham Mali 29.20 M Bissouma
36%
Fulham Liverpool Portugal 5.90 M Carvalho
36%
Sassuolo West Ham Italie 36 M Scamacca
34%
Lens Crystal Palace Mali 22.60 M Doucouré
33%
Stade de Reims Leicester Belgique 17 M Faes
33%
Anderlecht Manchester City Espagne 13 M Gomez
33%
Paris SG West Ham France 9.30 M Areola
32%
Newcastle Manchester United Slovaquie Prêt Dubravka
32%
Marseille Southampton Croatie 10 M Caleta-Car
30%
Burnley West Ham Côte d'ivoire 20.70 M Cornet
30%
Villareal Brighton Équateur 17.80 M Estupinan
30%
Paris SG Fulham France Prêt Kurzawa
29%
Brighton Everton France 11.80 M Maupay
29%
RB Leipzig Leeds États-Unis 17 M Adams
28%
Bordeaux Nottingham Forrest Corée du Sud 4 M Hwang
28%
RB Leipzig Wolverhampton Corée du Sud 16.70 M Hwang
28%
AS Roma Aston Villa Suède 3.5 M Olsen
28%
Manchester United Nottingham Forrest Angleterre Gratuit Lingard
27%
Atletico Madrid Nottingham Forrest Brésil Prêt Lodi
27%
Arminia Bielefeld Manchester City Allemagne Gratuit Ortega
27%
FC Valence Wolverhampton Portugal 32.60 M Guedes
26%
Sporting CP Wolverhampton Portugal 45 M Nunes
26%
Bayern Munich Leeds Espagne 12 M Roca
26%
Feyenoord Leeds Colombie 25 M Sinisterra
26%
Wolverhampton Nottingham Forrest Angleterre 29.50 M Gibbs-White
24%
Chelsea Brighton Écosse 10.40 M Gilmour
24%
West Ham Fulham France 17.80 M Diop
23%
Arsenal Fulham Allemagne 3.60 M Leno
23%
Bayern Munich Crystal Palace États-Unis 12 M Richards
23%
Bayern Munich Nottingham Forrest Angleterre 8.50 M Richards
23%
Liverpool Nottingham Forrest Pays de Galles 20 M Williams
23%
Barcelone Bournemouth Brésil Gratuit Neto
22%
RB Salzbourg Leeds États-Unis 32.84 M Aaronson
21%
Sampdoria Brentford Danemark 15 M Damsgaard
21%
Manchester United Nottingham Forrest Angleterre Prêt Henderson
21%
Bordeaux Southampton France 13 M Mara
21%
Chelsea West Ham Brésil 15.40 M Emerson
20%
Atalanta Nottingham Forrest Suisse 9 M Freuler
20%
Leeds Fulham Pays de Galles Prêt James
20%
Manchester United Fulham Brésil 9.50 M Pereira
20%
Lazio Rome Brentford Albanie Gratuit Strakosha
20%
FSV Mainz Nottingham Forrest France 10 M Niakhate
19%
Southampton Aston Villa Pologne Prêt Bednarek
18%
Sporting CP Fulham Portugal 20 M Palhinha
18%
Feyenoord Bournemouth Argentine 15 M Senesi
18%
Shakthar Fulham Israël Prêt Solomon
18%
Corinthians Fulham Brésil Gratuit Willian
18%
FC Séville Aston Villa Suède Prêt Augustinsson
17%
Wolverhampton Everton Angleterre Prêt Coady
17%
Crystal Palace Nottingham Forrest Sénégal Gratuit Kouyate
17%
Wolfsburg Fulham Suisse 5.50 M Mbabu
17%
Union Berlin Nottingham Forrest Nigeria 20.50 M Awoniyi
16%
Watford Nottingham Forrest Nigeria 14.80 M Dennis
16%
VFB Stuttgart Nottingham Forrest Belgique 13 M Mangala
16%
Rennes Nottingham Forrest France Prêt Bade
15%
Wolverhampton Nottingham Forrest Côte d'ivoire 2.60 M Boly
15%
Burnley Everton Angleterre 24 M Mcneil
15%
Burnley Newcastle Angleterre 11.50 M Pope
15%
Burnley Everton Angleterre Gratuit Tarkowski
15%
RB Salzbourg Leeds Danemark 13 M Kristensen
14%
Manchester City Southampton Belgique 12.30 M Lavia
14%
Chicago Fire Chelsea États-Unis 9.09 M Slonina
14%
FC Zürich Leeds Italie 4.50 M Gnonto
13%
Burnley Brentford Angleterre Gratuit Mee
13%
Middelsbrough Tottenham Angleterre 14.70 M Spence
13%
Udinese Tottenham Italie 18 M Udogie
13%
Manchester City Southampton Irlande 14 M Bazunu
12%
Aston Villa Chelsea Angleterre 18 M Chukwuemeka
12%
Aberdeen FC Liverpool Écosse 4.90 M Ramsay
12%
Chelsea Brighton Angleterre Prêt Colwill
11%
Bologne Brentford Écosse 16.50 M Hickey
11%
Glasgow Rangers Southampton Nigeria 7.10 M Aribo
10%
VFL Bochum Southampton Allemagne 10 M Bella-Kotchap
10%
Troyes Nottingham Forrest France 10 M Biancone
10%
Libertad Brighton Paraguay 11.60 M Enciso
10%
Southampton Tottenham Angleterre Gratuit Forster
10%
Aston Villa Newcastle Angleterre 17.50 M Targett
10%
Benfica Fulham Brésil 5 M Vinicius
10%
Burnley Wolverhampton Irlande 24.30 M Collins
7%
Arsenal Southampton Angleterre Prêt Maitland-Niles
7%
VFB Stuttgart Wolverhampton Autriche 18 M Kalajdzic
6%
Middlesbrough Bournemouth Angleterre 11.90 M Tavernier
6%
Metz Wolverhampton Mali Prêt Traore
6%
Sporting CP Everton Portugal Prêt Vinagre
6%
Manchester United Everton Angleterre 10.40 M Garner
5%
Hull City Brentford Angleterre 19 M Lewis-Potter
5%
Nordsjælland Brighton Côte d'ivoire 8 M Adingra
4%
Brighton Fulham Irlande Prêt Duffy
4%
West Ham Bournemouth Angleterre Gratuit Fredericks
4%
Burnley Nottingham Forrest Pays de Galles Gratuit Hennessey
4%
Altay SK Southampton Pologne Gratuit Lis
4%
Huddersfield Nottingham Forrest Angleterre 2.40 M Toffolo
4%
Swansea West Ham Angleterre 10.65 M Downes
3%
Manchester City Southampton Angleterre Inconnu Edozie
3%
Huddersfield Nottingham Forrest Angleterre 9.40 M O'Brien
3%
LD Alajuelense Nottingham Forrest Costa Rica 950 K Aguilera
2%
Blackpool Nottingham Forrest Angleterre 2.30 M Bowler
2%
West Brom Crystal Palace Angleterre Gratuit Johnstone
2%
Real Betis Leeds Espagne Gratuit Robles
2%
Blackburn Bournemouth Angleterre Gratuit Rothwell
2%
Southampton Bournemouth Angleterre Prêt Stephens
2%
Derby County Crystal Palace Angleterre Gratuit Ebiowei
1%
Manchester City Leeds Angleterre 5.80 M Gyabi
1%
Manchester City Southampton Espagne 7 M Larios
1%
Cardiff City Leicester Angleterre Gratuit Smithies
1%
Aucun quiz correspondant
Distribution des résultats
% des personnes avec chaque résultat
Percentile par nombre de réponses
Votre historique - résultats
Vous n’avez pas pris ce quiz